000
00279nam a22001217a 4500
008
180620b xxu||||| |||| 00| 0 eng d
041
_a
eng
080
_a
34
100
_a
14
101
_a
SHJ
245
_a
Buletini i praktikës gjyqësore 2017
_c
Cavdarbasha,A
942
_2
udc
_c
BK
999
_c
46620
_d
46620